A critical analysis of the legality and practicality of new education policy 2020 (Record no. 523807)

000 -LEADER
fixed length control field 00795nam a22001577a 4500
008 - FIXED-LENGTH DATA ELEMENTS--GENERAL INFORMATION
fixed length control field 230927b ||||| |||| 00| 0 eng d
100 ## - MAIN ENTRY--PERSONAL NAME
Personal name Murray, Sasha Alfred
245 ## - TITLE STATEMENT
Title A critical analysis of the legality and practicality of new education policy 2020
260 ## - PUBLICATION, DISTRIBUTION, ETC. (IMPRINT)
Place of publication, distribution, etc Social Action
300 ## - PHYSICAL DESCRIPTION
Extent 73(3), Jul-Sep, 2023: p.306-318
520 ## - SUMMARY, ETC.
Summary, etc Education is universally recognized on the great equalizer and the force in creating a level playing field. Access to good education free of relations racial and social biases and prejudices is the maker of a progressive nation. – Reproduced
650 ## - SUBJECT ADDED ENTRY--TOPICAL TERM
Topical term or geographic name as entry element NEP 2020, Challenges, Legality practicality, credulity, Education, Indian construction, Secularism.
9 (RLIN) 40878
773 ## - HOST ITEM ENTRY
Main entry heading Social Action
906 ## - LOCAL DATA ELEMENT F, LDF (RLIN)
Subject DIP EDUCATION
942 ## - ADDED ENTRY ELEMENTS (KOHA)
Item type Articles
Holdings
Withdrawn status Lost status Source of classification or shelving scheme Damaged status Not for loan Permanent location Current location Date acquired Serial Enumeration / chronology Barcode Date last seen Koha item type
          Indian Institute of Public Administration Indian Institute of Public Administration 2023-09-27 73(3), Jul-Sep, 2023: p.306-318 AR129705 2023-09-27 Articles

Powered by Koha